000
00429nam a2200133Ia 4500
008
100328s9999 xx 000 0 und d
082
_b
59081
100
_a
दिक्षित द.ना.
245
_a
अलौकिक श्रीधर.
260
_b
प्रकाश देशपांडे.
630
_a
अलौकिक श्रीधर.
730
_a
अलौकिक श्रीधर.
942
_c
BOOK
999
_c
545346
_d
545343